000 00390nam a22001697a 4500
005 20160914165749.0
008 160914b xxu||||| |||| 00| 0 eng d
020 _a978-81-203-4802-8
041 _aeng
100 _aNagrath,I. J
_93530
245 _aElectronics Analog And Digital
250 _a2nd
260 _bPHI
_c2013
300 _a781
650 _aEngineering
_93531
942 _cBK
999 _c5229
_d5227